000 00417nam a2200145 i 4500
001 bg
100 1 _aCZUBIŃSKI, Antoni
_d(1928- ).
245 1 0 _aWybrane problemy z dziejów polskiego i międzynarodowego ruchu robotniczego /
_cAntoni Czubiński.
260 _aWarszawa,
_c1977.
040 _cBPK
041 _apol
080 _a943.8+940:323.2:329(438)
942 _cKS
008 s pl f |000 0 pol
999 _c17403
_d17403
856 _uhttp://koha.tu.koszalin.pl/cgi-bin/koha/opac-detail.pl?biblionumber=17403
_yKatalog online BPK